| 000 | 00661nam a2200217Ia 4500 | ||
|---|---|---|---|
| 001 | 7012 | ||
| 003 | GE_BSU | ||
| 008 | 181216s||||||||xx |||||||||||||| ||und|| | ||
| 040 | _cGE_BSU | ||
| 080 | _a69.003:658.2(075) | ||
| 100 | _aБалыхин,М.И. Гуревич,С.М. Куперман,Я.М. | ||
| 245 | _aПланирование строительства. | ||
| 245 | _bУчебн. пособие. | ||
| 245 | _cнауч. ред. В.М.Казанский. | ||
| 260 | _aМ. | ||
| 260 | _bСтройиздат. | ||
| 260 | _c1967. | ||
| 300 | _a390стр. 27см. | ||
| 653 | _aПланирование строительства. | ||
| 942 | _cBK | ||
| 999 |
_c40404 _d40404 |
||